000 00652nam a22001937a 4500
999 _c190527
_d190527
005 20220727124045.0
010 _aENG-134012
020 _a8174877495
_c350.00
035 _aEN-117544
037 _bDBAB/PUB
082 _a881
100 _aKaran Singh
245 _aThe Unknown Voices:
_bA Translation of Folk Songs of South Haryana/
_cKaran Singh and Devender Kumar
260 _aNew Delhi
_bRadha Publications
_c2011
270 _a4231/1, Ansari Road, Daryaganj
_bNew Delhi
_e110002
_k23247003
_mradhapublications@rediffmail.com
300 _a156p.
_c22cm(hb)
_bAppendix
700 _aDevender Kumar
942 _2ddc
_cEN
_mKAR
_h881